Statistiche per Paesi più vicini alla Liberia - Sprint di un minuto

Clicka qui per fare il quiz!

Statistiche generali

  • Questo quiz è stato fatto 3 volte
  • Il punteggio medio è 11 su 20

Statistiche sulle risposte

kmpaese% Corretto
450Burkina Faso
100%
0Côte d'Ivoire
100%
1203Niger
100%
1118Nigeria
100%
0Sierra Leone
100%
886Togo
100%
997Benin
67%
469Ghana
67%
0Guinea
67%
452Senegal
67%
1811Algeria
33%
1574Cabo Verde
33%
665Gambia
33%
519Guinea-Bissau
33%
1773Guinea Equatoriale
33%
281Mali
33%
721Mauritania
33%
1620Sao Tome e Principe
33%
1778Camerun
0%
1458Sahara occidentale
0%

Distribuzione punteggi

Percentile per numero di risposta

Percentuale di utenti per punteggio

I tuoi punteggi nel tempo

Non hai fatto questo quiz